Southville International School and Colleges
Your cart is empty.
  • Cart
  • Lists
    Public lists Eva Luna New books Lux_list list_1
    Your lists Log in to create your own lists
  • Log in to your account
  • Your cookies
  • Search history
Southville International School and Colleges
  • Advanced search
  • Recent comments
  • Most popular
  • Libraries

Log in to your account

Log in with GOOGLE


If you do not have an external account, but do have a local account, you can still log in:

  1. Home
  2. MARC view: The face behind the veil /
Normal view MARC view ISBD view

The face behind the veil / (Record no. 339674)

[ view plain ]
MARC details
000 -LEADER
fixed length control field 00735nam a2200289Ia 4500
008 - FIXED-LENGTH DATA ELEMENTS--GENERAL INFORMATION
fixed length control field 170711s9999 xx 000 0 und d
020 ## - INTERNATIONAL STANDARD BOOK NUMBER
International Standard Book Number 9780806527222
050 ## - LIBRARY OF CONGRESS CALL NUMBER
Classification number 297
050 ## - LIBRARY OF CONGRESS CALL NUMBER
Item number W583 2006
100 ## - MAIN ENTRY--PERSONAL NAME
Personal name White, Donna G.
245 #4 - TITLE STATEMENT
Title The face behind the veil /
245 ## - TITLE STATEMENT
Statement of responsibility, etc by Donna Gehrke-White.
260 ## - PUBLICATION, DISTRIBUTION, ETC. (IMPRINT)
Place of publication, distribution, etc USA :
260 ## - PUBLICATION, DISTRIBUTION, ETC. (IMPRINT)
Name of publisher, distributor, etc Citadel Press,
260 ## - PUBLICATION, DISTRIBUTION, ETC. (IMPRINT)
Date of publication, distribution, etc 2006
300 ## - PHYSICAL DESCRIPTION
Extent xiv, 304 pages :
300 ## - PHYSICAL DESCRIPTION
Other physical details illustrations ;
300 ## - PHYSICAL DESCRIPTION
Dimensions 23cm.
500 ## - GENERAL NOTE
General note Includes glossary and bibliographic reference.
650 ## - SUBJECT ADDED ENTRY--TOPICAL TERM
Topical term or geographic name as entry element Muslim women --
650 ## - SUBJECT ADDED ENTRY--TOPICAL TERM
Topical term or geographic name as entry element Muslim women --
650 ## - SUBJECT ADDED ENTRY--TOPICAL TERM
Topical term or geographic name as entry element Muslim women --
650 ## - SUBJECT ADDED ENTRY--TOPICAL TERM
General subdivision Biography.
650 ## - SUBJECT ADDED ENTRY--TOPICAL TERM
General subdivision Social conditions.
650 ## - SUBJECT ADDED ENTRY--TOPICAL TERM
General subdivision Unite States.
700 ## - ADDED ENTRY--PERSONAL NAME
Personal name Title.

No items available.

The face behind the veil /

APA

White D. G., Title, .The face behind the veil. USA: .

Chicago

White Donna G, Title, .The face behind the veil. USA: .

Harvard

White D. G., Title, .The face behind the veil. USA: .

MLA

White Donna G, Title, .USA: . .

  • Print
  • Cite
  • Add to your cart (remove)
  • Save record
    BIBTEX Dublin Core MARCXML MARC (non-Unicode/MARC-8) MARC (Unicode/UTF-8) MARC (Unicode/UTF-8, Standard) MODS (XML) RIS
  • More searches
    Search for this title in:
    Other Libraries (WorldCat) Other Databases (Google Scholar) Online Stores (Bookfinder.com) Open Library (openlibrary.org)

Exporting to Dublin Core...

SOUTHVILLE LIBRARY

Southville International School and Colleges Library

1281 Tropical Ave. Cor. Luxembourg St., BF Homes International, Las Pinas City

Tel. No. 8256374 / 252358 Loc. 117/146

Powered by Koha